000 02204nam a2200313 i 4500
001 193549
003 ES-MaACL
005 20250814084558.0
008 240131s2023 sp ||||| |||| 00| 0 spa d
020 _a9788411313629
040 _aES-MaACL
_cES-MaACL
100 0 _939365
_aCobos, Juan
_eaut
245 1 4 _aLos grandes maestros del cine /
_cJuan Cobos ; David Cobos (Ed.)
250 _aPrimera edición: noviembre de 2023
260 _a[Córdoba] :
_bAlmuzara,
_c2023.
300 _a301 páginas ;
_c24 cm
490 1 _aChaplin Berenice
520 _aEl cine, afirma Juan Cobos, es el arte de nuestro tiempo. Ha crecido junto a nosotros, lo que acrecienta su enorme influjo. Por eso hoy, ya en el siglo XXI, nadie cuestiona lo que los grandes maestros del cine han aportado a nuestro imaginario; nadie rebate que las películas que filmaron han contribuido de manera decisiva a ensanchar el acervo cultural de las sociedades modernas. En sus muchos años de brillante ejercicio profesional, Juan Cobos tuvo la ocasión de compartir con esos maestros conversaciones que son en la actualidad un tesoro de inapreciable valor para los historiadores, así como para las nuevas generaciones de cinéfilos. Se aprende cine viendo cine, sin la menor duda, pero también escuchando y leyendo a esos grandes narradores que fueron capaces de sentar las bases del arte cinematográfico, de dotarlo de rasgos que lo han convertido en un medio fascinante y privilegiado para plasmar las inquietudes y anhelos más profundos del ser humano. En este libro se dan cita muchos de esos grandes maestros, y de las más diversas latitudes y tendencias.
650 7 _aCine
_2embne
_911010
700 _aCobos, David
_9234990
_epbl
830 _aChaplin Berenice
_9234991
852 _aEs-MaACL
_bR.154887
_cDEPOJ
_jN-9641
_hDonación: Editorial
_xEncuadernación rústica con solapas
_9201141
942 _n0
_cMONOGRAFIA
999 _c193549
_d193549